000 01556nam0a2200349 i 4500
001 RU\NLR\BIBL_A\010004206
005 20241104200605.0
010 _a9785785607903
_9500
021 _aRU
_b2013-78698
_95426
035 _a(NILC)RuMoRGB-006674090
035 _a(NLR Aleph) 010004206
090 _a9814781
_c9814781
100 _a20131114d2012 km y0rusy50 ca
101 0 _arus
102 _aRU
105 _aa|||z|||000yy
200 1 _aИнструментарий оценки эффективности управления социальным развитием региона: методические подходы и результаты расчетов
_eмонография
_fЛ. В. Матраева
210 _aМосква
_cинформацмонно-внедренческий центр "Маркетинг"
_d2012
215 _a160 с.
_cил., табл.
_d22
320 _aБиблиогр.: с. 137-147 (127 назв.)
606 1 _aСоциальная политика
_yТульская область
_92240315
_3RU\NLR\AUTH\6601575774
607 _aТульская область
_xНародное хозяйство
_xУправление
_92126242
_3RU\NLR\AUTH\661283372
675 _a332.13
686 1 _aУ27(2)2(2Р-4Тул)
686 1 _aУ21(2Р-4Тул)
700 1 _aМатраева
_bЛ. В.
_gЛилия Валериевна
801 0 _aRU
_bRuMoRKP
_c20130930
_gRCR
801 2 _aRU
_bРГБ
_c20131018
_grcr
942 _cBOOK
980 _aNBR